01115naa a2200181 a 450000100080000000500110000800800410001910000170006024500410007726000090011852006350012765300180076265300120078065300150079265300180080765300120082577300960083711301492020-11-19 2020 bl uuuu u00u1 u #d1 aGIEHL, A. L. aCarne bovina.h[electronic resource] c2020 aEste artigo apresenta o desempenho da produ????o e do mercado de bovinos em mundial, nacional e estadual. S??o apresentados dados de produ????o, demanda, exporta????o e importa????o, n??mero de bovinocultores, pre??os ao produtor, custos de produ????o, distribui????o geogr??fica da produ????o e perspectivas de futuro para o setor. Os dados s??o relativos principalmente aos anos de 2018 e 2019, mas na maioria dos casos tamb??m s??o apresentadas informa????es referentes a per??odos anteriores. As principais fontes utilizadas para a elabora????o das tabelas e gr??ficos foram: USDA, IBGE, MDIC/Comex Stat, Cidasc e Epagri/Cepa. abovinocultura aBovinos adesempenho aexporta????es amercado tS??ntese Anual da Agricultura de Santa Catarina 2018-2019, Florian??polis, p.120-131, 2020.